A study on nerve growth factor (NGF) Receptor expression in the rat visual cortex possible sites and mechanisms of NGF action in cortical plasticity (Record no. 359238)

MARC details
000 -LEADER
fixed length control field 00679nam a2200193Ia 4500
008 - FIXED-LENGTH DATA ELEMENTS--GENERAL INFORMATION
fixed length control field 191130s2007##################000#0#eng##
020 ## - INTERNATIONAL STANDARD BOOK NUMBER
ISBN 9788876422805
082 ## - DEWEY DECIMAL CLASSIFICATION NUMBER
Classification number 616.80199 ROS
100 ## - MAIN ENTRY--AUTHOR NAME
Personal name Rossi, Francesco Mattia
245 ## - TITLE STATEMENT
Title A study on nerve growth factor (NGF) Receptor expression in the rat visual cortex possible sites and mechanisms of NGF action in cortical plasticity
Statement of responsibility, etc Francesco Mattia Rossi
260 ## - PUBLICATION, DISTRIBUTION, ETC. (IMPRINT)
Place of publication Paris
Name of publisher Edizioni Della Normale
Year of publication 2007
300 ## - PHYSICAL DESCRIPTION
Number of Pages 88 p. ; 25 cm
500 ## - GENERAL NOTE
General note Bibliographical references
650 ## - SUBJECT ADDED ENTRY--TOPICAL TERM
Topical Term Nerve Groeth Factor
991 ## -
-- 96945
Holdings
Withdrawn status Lost status Damaged status Not for loan Home library Current library Shelving location Date acquired Full call number Accession Number Price effective from Koha item type
        Anna Centenary Library Anna Centenary Library 5TH FLOOR, B WING 17.10.2020 616.80199 ROS 318426 17.10.2020 English Books

Find us on the map